5HLuxD.jpg

KING HENRY VIII SENIOR AND PRIMARY SCHOOL LIBRARY OPAC

Starglass / (Record no. 547)

000 -LEADER
fixed length control field 00848nam a22002177a 4500
005 - DATE AND TIME OF LATEST TRANSACTION
control field 20190821104914.0
008 - FIXED-LENGTH DATA ELEMENTS--GENERAL INFORMATION
fixed length control field 190821b ||||| |||| 00| 0 eng d
020 ## - INTERNATIONAL STANDARD BOOK NUMBER
International Standard Book Number 9781442459540
040 ## - CATALOGING SOURCE
Transcribing agency KH8
082 ## - DEWEY DECIMAL CLASSIFICATION NUMBER
Classification number FIC NOR
100 ## - MAIN ENTRY--PERSONAL NAME
Personal name North, Phoebe
245 ## - TITLE STATEMENT
Title Starglass /
Statement of responsibility, etc. Phoebe North
260 ## - PUBLICATION, DISTRIBUTION, ETC.
Place of publication, distribution, etc. New York :
Name of publisher, distributor, etc. Simon & Schuster BFYR,
Date of publication, distribution, etc. 2014. ©2013.
300 ## - PHYSICAL DESCRIPTION
Extent 441 pages ;
Dimensions 21 cm.
520 ## - SUMMARY, ETC.
Summary, etc. For all of her sixteen years, Terra has lived on a city within a spaceship that left Earth five hundred years ago seeking refuge, but as they finally approach the chosen planet, she is drawn into a secret rebellion that could change the fate of her people.
650 ## - SUBJECT ADDED ENTRY--TOPICAL TERM
Topical term or geographic name entry element Interplanetary voyages
Form subdivision Fiction.
650 ## - SUBJECT ADDED ENTRY--TOPICAL TERM
Topical term or geographic name entry element Insurgency
Form subdivision Fiction.
650 ## - SUBJECT ADDED ENTRY--TOPICAL TERM
Topical term or geographic name entry element Fathers and daughters
Form subdivision Fiction.
650 ## - SUBJECT ADDED ENTRY--TOPICAL TERM
Topical term or geographic name entry element Jews
Form subdivision Fiction.
942 ## - ADDED ENTRY ELEMENTS (KOHA)
Source of classification or shelving scheme
Koha item type Books - Fiction
Holdings
Withdrawn status Lost status Source of classification or shelving scheme Damaged status Not for loan Collection code Permanent Location Current Location Shelving location Date acquired Total Checkouts Full call number Barcode Date last seen Date last checked out Price effective from Koha item type
          Fiction KH8 Senior School Library KH8 Senior School Library Fiction 2019-08-21 1 FIC NOR 3KHSL000101200 2024-07-18 2019-09-03 2019-08-21 Books - Fiction

Powered By KH8 IT Dept